Online Catalogue and eLibrary

Ceylon under the British occupation 1795-1833 : (Record no. 3493)

MARC details
000 -LEADER
fixed length control field 00473nam a2200157Ia 4500
005 - DATE AND TIME OF LATEST TRANSACTION
control field 20250213004605.0
008 - FIXED-LENGTH DATA ELEMENTS--GENERAL INFORMATION
fixed length control field 240331s9999 xx 000 0 und d
020 ## - INTERNATIONAL STANDARD BOOK NUMBER
ISBN 8170131405
082 ## - DDC Classification
Item Number - Author Mark DES
Class No. 954.93
100 ## - MAIN ENTRY--PERSONAL NAME
Personal name DeSilva,C.R
245 #0 - TITLE STATEMENT
Title Ceylon under the British occupation 1795-1833 :
Remainder of title its political,administrative and economic development
260 ## - PUBLICATION, DISTRIBUTION, ETC.
Place of publication, distribution, etc. New Delhi
Name of publisher, distributor, etc. Navarang Publishers
Date of publication, distribution, etc. 1995
300 ## - PHYSICAL DESCRIPTION
Extent (e.g. Volumes, Pages etc.) vii, 639 p ., ( V - II)
650 ## - SUBJECT ADDED ENTRY--TOPICAL TERM
Topical term or geographic name entry element Economic
942 ## - Koha item type (Biblio)
Koha item type Books in Stacks (Lending)
Holdings
Lost status Damaged status Collection code Home library Current library Shelving location Date acquired Full call number Accession Number Item type
    Lending WERC Library WERC Library Social Science Cupboard 03/31/2024 954.9 DES 5086 Books in Stacks (Lending)

© WERC Library